| 000 | 00825nam a22002177a 4500 | ||
|---|---|---|---|
| 999 |
_c5862 _d5862 |
||
| 003 | AR-CdUCM | ||
| 008 | 190313b ||||| |||| 00| 0 spa d | ||
| 040 |
_aMUNICIPALIDAD PROVINCIAL DEL CUSCO _cBIBLIOTECA MUNICIPAL DEL CUSCO |
||
| 082 |
_a869.56 / _bM79 |
||
| 100 |
_aMoreno Jimeno, Manuel _915054 |
||
| 245 | _aLa noche ciega / | ||
| 260 |
_aLima : _bTalleres de la Compañía de Impresiones y Publicidad, _c1947. |
||
| 300 |
_a53 paginas ; _c33 cm. |
||
| 500 | _aDonación de la familia Nieto. | ||
| 505 | _aContenido :Nosotros los culpables -- Con solamente un asta -- Himno de la depravación -- Tosa la destrucción te mira -- Así viene el hombre ... | ||
| 650 |
_aPoesías peruanas _91481 |
||
| 650 |
_aPoesías del siglo XX _915565 |
||
| 650 |
_aLiteratura peruana _9169 |
||
| 942 |
_2ddc _cLIBROS |
||
| 945 | _arum | ||